Catálogo público

Reporte de viaje de Sistemas Agroindustriales : (Record no. 175718)

MARC details
000 -CABECERA
campo de control de longitud fija 02386nam a2200385Ia 4500
001 - NÚMERO DE CONTROL
campo de control dia_4919
003 - IDENTIFICADOR DEL NÚMERO DE CONTROL
campo de control CHAP
005 - FECHA Y HORA DE LA ÚLTIMA TRANSACCIÓN
campo de control 20250730182742.0
007 - CAMPO FIJO DE DESCRIPCIÓN FÍSICA--INFORMACIÓN GENERAL
campo de control de longitud fija ta
008 - DATOS DE LONGITUD FIJA--INFORMACIÓN GENERAL
campo de control de longitud fija 220117s2010 mx abdof 001 0 spa d
040 ## - FUENTE DE LA CATALOGACIÓN
Centro/agencia transcriptor CHAP
Centro catalogador/agencia de origen mxchpua
090 ## - LOCALMENTE ASIGNADO TIPO-LC NÚMERO DE CLASIFICACIÓN (OCLC); NÚMERO DE CLASIFICACIÓN LOCAL (RLIN)
Número de clasificación (OCLC) (R) ; Numero de clasificación, CALL (RLIN) (NR) T.C.554
Número cutter local (OCLC) ; Número de libro/Signatura topográfica íntegra, CALL (RLIN) S99 SAI
Año 2010
245 10 - MENCIÓN DE TÍTULO
Título Reporte de viaje de Sistemas Agroindustriales :
Resto del título acuicultura y pesca en el estado de Yucatán /
Mención de responsabilidad, etc. coordinadora Rosa Guadalupe Szymanski Duque ; colaboradores María del Socorro Domínguez Cadena...[y otros]
260 ## - PUBLICACIÓN, DISTRIBUCIÓN, ETC.
Lugar de publicación, distribución, etc. México :
Nombre del editor, distribuidor, etc. El autor,
Fecha de publicación, distribución, etc. 2010
300 ## - DESCRIPCIÓN FÍSICA
Extensión 113 hojas :
Otras características físicas ilustraciones, tablas, gráficas, mapas, fotos
336 ## - TIPO DE CONTENIDO
Fuente rdacontent
Término de tipo de contenido texto
Código de tipo de contenido txt
337 ## - TIPO DE MEDIO
Fuente rdamedia
Nombre/término del tipo de medio no mediado
Código del tipo de medio n
338 ## - TIPO DE SOPORTE
Fuente rdacarrier
Nombre/término del tipo de soporte volumen
Código del tipo de soporte nc
500 ## - NOTA GENERAL
Nota general Grado: 6° año
502 ## - NOTA DE TESIS
Nota de tesis Viaje de estudios
Tipo de título (SAI) --
Nombre de la institución que otorga el título UACh. Departamento de Ingeniería Agroindustrial,
Año de obtención del título 2010
504 ## - NOTA DE BIBLIOGRAFÍA, ETC.
Nota de bibliografía, etc. Bibliografía: hojas 101-102
505 00 - NOTA DE CONTENIDO CON FORMATO
Título Empresas visitadas : --<br/>1.Granja La Marca --<br/>2. Unidad multidiciplinaria de docencia e investigación, Facultad de ciencias --<br/>3. FIRA --<br/>4. Cooperativa Hool Chakan - El Boquinete --<br/>5. Secretaría de Agricultura, Ganadería, Desarrollo rural , Pesca y Alimentación (SAGARPA) --<br/>6. Universidad Marista --<br/>7. Federación de Sociedades Cooperativas dela Industria Pesquera Centro-poniente del estado de Yucatán--<br/>8. Sociedad Cooperativa de Producción Pesquera Manuel Cepeda Peraza --<br/>9. Sociedad Cooperativa Pesquera del Cuyo --<br/>10. Sociedad Cooperativa de Producción Pesquera Pescadores Unidos de San Felipe --<br/>11. Productos Oceánicos del Golfo de México, S. A. de C. V. --<br/>12. Congeladora Arrollo, ubicada en Telchac, Yucatán --<br/>13. Hulking, S. A. de C. V. --<br/>14. Sociedad Cooperativa Koalita --<br/>15. INPESMARI, S. A. de C. V. --<br/>16. Unidad Mérida del Centro de Investigación y de Estudios Avanzados (CINVESTAV)
650 13 - PUNTO DE ACCESO ADICIONAL DE MATERIA--TÉRMINO DE MATERIA
Término de materia o nombre geográfico como elemento de entrada Alimentos congelados
9 (RLIN) 4302
650 10 - PUNTO DE ACCESO ADICIONAL DE MATERIA--TÉRMINO DE MATERIA
Término de materia o nombre geográfico como elemento de entrada Industria pesquera
Subdivisión geográfica México
-- Yucatán
9 (RLIN) 152012
650 10 - PUNTO DE ACCESO ADICIONAL DE MATERIA--TÉRMINO DE MATERIA
Término de materia o nombre geográfico como elemento de entrada Fish industry
Subdivisión geográfica Mexico
-- Yucatán
9 (RLIN) 152010
650 13 - PUNTO DE ACCESO ADICIONAL DE MATERIA--TÉRMINO DE MATERIA
Término de materia o nombre geográfico como elemento de entrada Frozen foods
9 (RLIN) 147452
700 1# - PUNTO DE ACCESO ADICIONAL--NOMBRE DE PERSONA
Nombre de persona Szymanski Duque, Rosa Guadalupe
9 (RLIN) 151434
Término indicativo de función/relación coordinadora
700 1# - PUNTO DE ACCESO ADICIONAL--NOMBRE DE PERSONA
Nombre de persona Domínguez Cadena, María del Socorro
9 (RLIN) 126506
Término indicativo de función/relación colaboradora
942 ## - ELEMENTOS DE PUNTO DE ACCESO ADICIONAL (KOHA)
Fuente del sistema de clasificación o colocación Clasificación Universidad Autónoma de Chapingo
901 ## - ELEMENTOS DE DATOS A LOCAL LDA (RLIN)
a T.C.554 S99 SAI 2010
902 ## - ELEMENTOS DE DATOS B LOCAL, LDB (RLIN)
a M
905 ## - ELEMENTOS DE DATOS E LOCAL, LDE (RLIN)
a 5232272010 mx aml 8223223322spa16
942 ## - ELEMENTOS DE PUNTO DE ACCESO ADICIONAL (KOHA)
Tipo de ítem Koha Viaje de Estudios
Holdings
Estado de retiro Estado de pérdida Fuente del sistema de clasificación o colocación Estado dañado Restricciones de uso No para préstamo Código de colección Localización permanente Ubicación/localización actual Fecha de adquisición Fuente de adquisición Total de préstamos Signatura topográfica completa Código de barras Fecha visto por última vez Fecha del último préstamo Número de copia Precio válido a partir de Tipo de ítem Koha
    Clasificación Universidad Autónoma de Chapingo   Préstamo 5 días   Viajes de Estudio Ingenieria Agroindustrial Ingenieria Agroindustrial 18/01/2022 El autor 1 T.C.554 S99 SAI 2010 1106008991 26/01/2026 11/04/2024 Ej.4 18/01/2022 Viaje de Estudios
    Clasificación Universidad Autónoma de Chapingo   Préstamo interno   Viajes de Estudio Ingenieria Agroindustrial Ingenieria Agroindustrial 18/01/2022 El autor   T.C.554 S99 SAI 2010 1106006759 26/01/2026   Ej.1 18/01/2022 Viaje de Estudios
    Clasificación Universidad Autónoma de Chapingo   Préstamo 5 días   Viajes de Estudio Ingenieria Agroindustrial Ingenieria Agroindustrial 18/01/2022 El autor 1 T.C.554 S99 SAI 2010 1106006754 26/01/2026 11/04/2024 Ej.2 18/01/2022 Viaje de Estudios
    Clasificación Universidad Autónoma de Chapingo   Préstamo 5 días   Viajes de Estudio Ingenieria Agroindustrial Ingenieria Agroindustrial 18/01/2022 El autor   T.C.554 S99 SAI 2010 1106006755 26/01/2026   Ej.3 18/01/2022 Viaje de Estudios
    Clasificación Universidad Autónoma de Chapingo   Préstamo interno   Viajes de Estudio Ingenieria Agroindustrial Ingenieria Agroindustrial 18/01/2022 El autor   T.C.554 S99 SAI 2010 1106006760 18/01/2022   Ej.5 18/01/2022 CD